Իմ ծանոթները : (Record no. 103544)
[ view plain ]
| 000 -LEADER | |
|---|---|
| fixed length control field | 00917nam a2200217 a 4500 |
| 001 - CONTROL NUMBER | |
| control field | 000282812 |
| 003 - CONTROL NUMBER IDENTIFIER | |
| control field | AM-YeHGA |
| 005 - DATE AND TIME OF LATEST TRANSACTION | |
| control field | 20250618071847.0 |
| 008 - FIXED-LENGTH DATA ELEMENTS--GENERAL INFORMATION | |
| fixed length control field | 031112s1966 ai 000 | arm d |
| 040 ## - CATALOGING SOURCE | |
| Original cataloging agency | AM-YeHGA |
| 041 0# - LANGUAGE CODE | |
| Language code of text/sound track or separate title | arm |
| 090 ## - LOCALLY ASSIGNED LC-TYPE CALL NUMBER (OCLC); LOCAL CALL NUMBER (RLIN) | |
| -- | 104864 |
| 100 1# - MAIN ENTRY--PERSONAL NAME | |
| Personal name | Մանվելյան, Սահակ Արմենակի, |
| Dates associated with a name | 1916- |
| 9 (RLIN) | 2686 |
| 245 10 - TITLE STATEMENT | |
| Title | Իմ ծանոթները : |
| Remainder of title | Պատմվածքներ և նովելներ / |
| Statement of responsibility, etc. | Ս. Մանվելյան; Խմբ.՝ Մ.Դ. Սարգսյան. |
| 260 ## - PUBLICATION, DISTRIBUTION, ETC. | |
| Place of publication, distribution, etc. | Երևան : |
| Name of publisher, distributor, etc. | Հայաստան : |
| -- | Սաբճոթա Սաքարթվելո, |
| Date of publication, distribution, etc. | 1966. |
| 300 ## - PHYSICAL DESCRIPTION | |
| Extent | 394 էջ : |
| Other physical details | 1թ. դիմանկ. ; |
| Dimensions | 21 սմ. |
| 505 0# - FORMATTED CONTENTS NOTE | |
| Formatted contents note | Հին ծանոթներ ; Նոր ծանոթներ |
| 650 14 - SUBJECT ADDED ENTRY--TOPICAL TERM | |
| Topical term or geographic name entry element | Հայ գրականություն |
| General subdivision | Պատմվածք |
| 650 14 - SUBJECT ADDED ENTRY--TOPICAL TERM | |
| Topical term or geographic name entry element | Հայ գրականություն |
| General subdivision | Նովել |
| 700 1# - ADDED ENTRY--PERSONAL NAME | |
| Personal name | Սարգսյան, Մկրտիչ Դիվինի, |
| Dates associated with a name | 1924-2002 |
| Relator term | խմբ. |
| Relationship | edt |
| 9 (RLIN) | 1063 |
| Withdrawn status | Lost status | Damaged status | Not for loan | Collection | Home library | Current library | Date acquired | Total checkouts | Full call number | Barcode | Date last seen | Price effective from | Koha item type | Public note |
|---|---|---|---|---|---|---|---|---|---|---|---|---|---|---|
| General | Fundamental Scientific Library | Fundamental Scientific Library | 22/12/2016 | AII/39666 | 220039666 | 22/12/2016 | 22/12/2016 | Գրքեր / Books | 30 Days Loan | |||||
| General | Fundamental Scientific Library | Fundamental Scientific Library | 22/12/2016 | AII/39667 | 220039667 | 22/12/2016 | 22/12/2016 | Գրքեր / Books | 30 Days Loan | |||||
| General | Fundamental Scientific Library | Fundamental Scientific Library | 22/12/2016 | AII/39915 | 220039915 | 22/12/2016 | 22/12/2016 | Գրքեր / Books | 30 Days Loan |
ՀՀ Գիտությունների ազգային ակադեմիայի հիմնարար գիտական գրադարան = Fundamental Scientific Library of NAS RA
All site content, except where otherwise noted, is licensed under a